000 00575nam a2200205 4500
003 OSt
005 20240723015219.0
006 a
008 240723b |||||||| |||| 00| 0 eng d
020 _a0415287472
040 _aDWCL-Main lib.
_cOC
082 _aCirc. 792.809 R438 2004
100 _aCarter, Alexandra
245 _aRethinking dance history : a reader /
260 _aLondon :
_bRoutledge,
_cc2004.
300 _ax,
_b196p. ;
_c24cm.
504 _aIncludes bibliographical references and index.
650 _a1. Dance-History.
942 _2ddc
_n0
_cBK-CIRC
_kCirc.
999 _c2568
_d2568